| 000 | | | 04871nac2a22003133x 450 |
| 001 | | | a76f7c33-7b9a-43fe-9547-61aae415b1c8 |
| 005 | | | 20210715161633.0 |
| 100 | ## | $a | 20210610l1933 k y0rusy50 ca |
| 101 | 0# | $a | rus |
| 102 | ## | $a | RU |
| 105 | ## | $a | y z ||||| |
| 122 | 0# | $a | d19331230 |
| 200 | 1# | $a | Стенограмма 3-го Заседания Совета Национальностей 4-й Сессии ЦИК СССР 6-го созыва. /Авторско-редакционный/ |
| | $j | 30.12.1933 |
| 215 | ## | $a | 124 листа |
| 251 | ## | $c | Дело |
| 300 | ## | $a | Заголовок дела на папке: Стенограмма 3-го Заседания Совета Национальностей 4-й Сессии ЦИК Союза ССР VI-го созыва. 30-го декабря 1933 года |
| 300 | ## | $a | Авторско-редакционный экземпляр |
| 300 | ## | $a | Машинописный и рукописный текст |
| 330 | ## | $a | Входит в раздел описи: VI-й Съезд Советов. IV-я Сессия ЦИК СССР |
| 461 | #0 | $1 | 001796d4672-8a00-4986-b488-6e42273792cc |
| | $1 | 2001 |
| | $a | ЦЕНТРАЛЬНЫЙ ИСПОЛНИТЕЛЬНЫЙ КОМИТЕТ СССР (ЦИК СССР) |
| | $1 | 251 |
| | $c | Фонд |
| | $1 | 852 |
| | $j | 3316 |
| | $g | Р |
| 462 | #0 | $1 | 001ffc5d47f-75c7-4b00-a108-34d4b382154c |
| | $1 | 2001 |
| | $a | Дела VI-го Съезда Советов и 1-й, 2-й, 3-й, 4-й Сессий ЦИК СССР 6-го созыва. 1931-1934 гг. |
| | $v | Д. 248 |
| | $1 | 251 |
| | $c | Опись |
| | $1 | 852 |
| | $j | 6 |
| 517 | 1# | $a | Стенограмма 3-го Заседания Совета Национальностей 4-й Сессии ЦИК Союза ССР VI-го созыва. 30-го декабря 1933 года |
| 601 | 01 | $3 | RU\NLR\AUTH\880357276 |
| | $a | СССР |
| | $b | ЦИК |
| 601 | 01 | $3 | RU\NLR\AUTH\880399374 |
| | $a | СССР |
| | $b | Центральный исполнительный комитет |
| | $b | Созыв |
| | $c | 6 |
| | $b | Сессия |
| | $d | 4 |
| 601 | 01 | $3 | RU\NLR\AUTH\880398223 |
| | $a | СССР |
| | $b | Центральный исполнительный комитет |
| | $b | Совет национальностей |
| 601 | 02 | $a | СССР. ЦИК. Созыв (6). Сессия (4). Заседание Совета национальностей (3) |
| 801 | #0 | $a | RU |
| | $b | GA_RF |
| 801 | #1 | $a | RU |
| | $b | ГлавНИВЦ |
| | $c | 20210610 |
| | $2 | rusmarc |
| 801 | #2 | $a | RU |
| | $b | ПБ им. Б.Н. Ельцина |
| | $c | 20210715 |
| | $g | RCR |
| | $2 | rusmarc |
| 852 | ## | $a | ГА РФ |
| | $j | 248 |
| 937 | ## | $d | 166201903 |
| | $h | ГАРФ |
| 035 | ## | $a | RuPRLIB51060442 |
| 856 | ## | $u | http://readingroom.main.prlib.ru/item.aspx?id_node=n166201903&mode=full |